000 01304cam a22003737a 4500
003 CHAP
005 20220329142746.0
008 030612d2002 pe ab r 00110 spa d
010 _a87373
011 _a88345
020 _a9972691438
035 _a98890
040 _cCHAP
082 0 0 _a635.2103
_bB3
100 0 0 _aBallón Aguirre, Enrique.
_99743
245 1 0 _aTerminología agraria andina :
_bnombres quechumaras de la papa
_c/por Enrique Ballón Aguirre y Rodolfo Cerrón Palomino
260 _aLima, Peru ;
_bCentro Internacional de la Papa,
_c2002.
300 _a342 p.
_bilus. ; gráfs.
590 _aBATCH-UPD
_b10
_c20130110
_lUCH01
_h0546
590 _aBATCH-UPD
_b10
_c20130110
_lUCH01
_h2340
590 _aBATCH-UPD
_b10
_c20130410
_lUCH01
_h0228
590 _aBATCH-UPD
_b10
_c20130410
_lUCH01
_h1628
590 _aBATCH-UPD
_b10
_c20130914
_lUCH01
_h0528
590 _aBATCH-UPD
_b10
_c20130914
_lUCH01
_h2140
590 _aCONVERSION
_b10
_c20130109
_lUCH01
_h1348
650 1 4 _aAgricultura
_xTerminologia.
_91837
650 1 4 _aIndios del Perú.
_957673
650 1 4 _aPapa
_xTerminología.
_985292
700 0 0 _aCerrón Palomino, Rodolfo.
_921540
901 _aBK
905 _aMayto Villalobos S.
942 _cLIBRO
949 _a635.2103 B3
_bBC
_cLIBRO
_d33724000917043
_eLIBRO
_h103140
_i98890
_sb
999 _c87373
_d87373